Caracterización de aditivos para combustible tipo búnker C utilizado en una caldera acuatubular con relación a sus efectos contaminantes
Gardado en:
| Autor Principal: | |
|---|---|
| Outros autores: | |
| Formato: | Libro |
| Idioma: | Spanish |
| Publicado: |
2006
San José, Costa Rica
|
| Materias: | |
| Etiquetas: |
Engadir etiqueta
Sen Etiquetas, Sexa o primeiro en etiquetar este rexistro!
|
MARC
| LEADER | 00000nam a2200000Ia 4500 | ||
|---|---|---|---|
| 003 | 009746 | ||
| 005 | 20230919131402.0 | ||
| 008 | 140114s2006 cr a 000 ||spa d | ||
| 040 | |c cru CEDI | ||
| 090 | |a TFG 5274 | ||
| 100 | |a Vargas González, Ana Margarita, 1982- |9 1540 | ||
| 245 | |a Caracterización de aditivos para combustible tipo búnker C utilizado en una caldera acuatubular con relación a sus efectos contaminantes | ||
| 260 | |c San José, Costa Rica |b 2006 | ||
| 300 | |a xiv, 122, [8] hojas : ilustraciones a colo | ||
| 500 | |a Proyecto de graduación (licenciatura en ingeniería química)--Universidad de Costa Rica. Facultad de Ingeniería. Escuela de Ingeniería Química | ||
| 501 | |a Director de Proyecto de Graduación: M.Sc. Esteban Gamboa Gamboa | ||
| 610 | 0 | |9 1539 |a LIGA AGRICOLA INDUSTRIAL DE LA CAÑA DE AZUCAR (COSTA RICA) - ASPECTOS AMBIENTALES | |
| 650 | |x CONTAMINACION DEL AIRE |x CALDERAS - INVESTIGACIONES |x COMBUSTION - ASPECTOS AMBIENTALES |9 5567 | ||
| 700 | |9 151 |a Durán Herrera, Esteban, 1971- |d Director del TFG | ||
| 942 | |c CEDI | ||
| 999 | |c 17150 |d 17150 | ||
